|
|
|
|
| LEADER |
00000nas a2200000 a 4500 |
| 001 |
vtls001341721 |
| 003 |
SK-MaSNL |
| 005 |
20260221112351.0 |
| 008 |
980911s1920 xx 0 und c |
| 035 |
|
|
|a SNK000294869
|
| 040 |
|
|
|a SNK
|b slo
|c SNK
|e AACR2
|
| 245 |
1 |
|
|a Český almanach typografický na rok 1920
|
| 260 |
|
|
|a Praha
|b Politika
|c 1920
|
| 300 |
|
|
|a 135 s.
|
| 850 |
|
|
|a Slovenská národná knižnica v Martine
|
| 999 |
|
|
|c 92
|d 2022
|
| 952 |
|
|
|0 0
|1 1
|3 rekatalogizácia
|4 0
|7 0
|8 5
|a SNK
|b SNK
|d 2009-03-19
|i snkF 4337/79
|l 0
|o snkČE 56/20/1907
|p 17A0614455
|r 2026-02-21 19:30:53
|w 2026-02-21
|y PREZ
|
| 952 |
|
|
|0 0
|1 1
|3 rekatalogizácia
|4 0
|7 0
|8 5
|a SNK
|b SNK
|d 1998-09-11
|i snkF 5513/77
|l 0
|o snkČE 56/29/1920
|p 17A0159716
|r 2005-01-02 00:00:00
|w 2026-02-21
|y PREZ
|